LEADER 02425nas 2200673-a 450 001 996208520703316 005 20230217213020.0 011 $a1762-6145 035 $a(OCoLC)55842866 035 $a(CKB)111087580659052 035 $a(CONSER)--2005249149 035 $a(DE-599)ZDB2170887-3 035 $a(EXLCZ)99111087580659052 100 $a20040705b20042005 s-- - 101 0 $afre 135 $aurmnu|||||||| 181 $ctxt$2rdacontent 182 $cc$2rdamedia 183 $acr$2rdacarrier 200 00$aEMC$iGynécologie-obstétrique 210 $a[Paris] $c[Éditions scientifique et médicales Elsevier SAS]$d2004-©2005 215 $a1 online resource 300 $aTitle from journal homepage (ScienceDirect, viewed July 5, 2004). 330 $aThe journal (online only) publishes mainly review articles in French covering all fields of gynaecology, obstetrics (genital tract infections, infertility, contraception, pregnancy, foetal medicine, delivery are some of them) and surgical techniques in gynaecology. 517 1 $aEncyclopédie Médico-Chirurgicale. 517 3 $aGynécologie-obstétrique 606 $aGynecology$vPeriodicals 606 $aObstetrics$vPeriodicals 606 $aGenerative organs, Female$xDiseases$vPeriodicals 606 $aGynecology 606 $aObstetrics 606 $aGenital Diseases, Female 606 $aGenerative organs, Female$xDiseases$2fast$3(OCoLC)fst00939926 606 $aGynecology$2fast$3(OCoLC)fst00949684 606 $aObstetrics$2fast$3(OCoLC)fst01042994 606 $aGynécologie$2rasuqam 606 $aObstétrique$2rasuqam 606 $aOrganes génitaux femelles$2rasuqam 608 $aPeriodical 608 $aPeriodicals.$2fast 608 $aPeriodicals.$2lcgft 608 $aPériodique électronique (Descripteur de forme)$2rasuqam 608 $aRessource Internet (Descripteur de forme)$2rasuqam 615 0$aGynecology 615 0$aObstetrics 615 0$aGenerative organs, Female$xDiseases 615 2$aGynecology 615 2$aObstetrics 615 2$aGenital Diseases, Female 615 7$aGenerative organs, Female$xDiseases. 615 7$aGynecology. 615 7$aObstetrics. 615 17$aGynécologie. 615 17$aObstétrique. 615 7$aOrganes génitaux femelles. 906 $aJOURNAL 912 $a996208520703316 996 $aEMC$91890538 997 $aUNISA LEADER 01923oam 2200541I 450 001 9910706515603321 005 20241021233608.0 035 $a(CKB)5470000002457295 035 $a(OCoLC)892425394 035 $a(OCoLC)995470000002457295 035 $a(EXLCZ)995470000002457295 100 $a20141006d1964 ua 0 101 0 $aeng 135 $aurmn||||||||| 181 $ctxt$2rdacontent 182 $cc$2rdamedia 183 $acr$2rdacarrier 200 10$aData of geochemistry$hChapter L$ePhase-equilibrium relations of the common rock-forming oxides except water /$fGeorge W. Morey 205 $a6th ed. /$bMichael Fleischer, technical editor. 210 1$aWashington :$cUnited States Department of the Interior, Geological Survey,$d1964. 215 $a1 online resource (ix, L159 pages) $cillustrations 225 1 $aGeological Survey professional paper ;$v440-L 300 $aTitle from title screen (viewed September 30, 2014). 300 $a"A discussion of the melting relations of the common rock-forming oxides and the binary, ternary, quaternary, and quinary systems formed by them." 320 $aIncludes bibliographical references (pages L152-L158) and index. 517 $aData of geochemistry 606 $aGeochemistry 606 $aOxide minerals 606 $aRocks$xAnalysis 606 $aGeochemistry$2fast 606 $aRocks$xAnalysis$2fast 615 0$aGeochemistry. 615 0$aOxide minerals. 615 0$aRocks$xAnalysis. 615 7$aGeochemistry. 615 7$aRocks$xAnalysis. 700 $aMorey$b G. W$g(George Washington),$f1888-1965,$01398015 702 $aFleischer$b Michael$f1908-1998, 712 02$aGeological Survey (U.S.), 801 0$bCOP 801 1$bCOP 801 2$bOCLCO 801 2$bOCLCF 801 2$bGPO 906 $aBOOK 912 $a9910706515603321 996 $aData of geochemistry$93460513 997 $aUNINA